LEADER 01239nam a2200289 i 4500 001 000000072200 003 CaOOAMICUS 005 20251015100120.0 008 090505s1988 it u000 u ita u 013 $a43372 020 $a88-350-8014-2 040 $aSeMil$bita 245 10$aChiesa e progetto educativo nell'Italia del secondo dopoguerra, 1945-1958. 260 $aBrescia :$bLa Scuola,$c1988. 300 $a563 p. ;$c21 cm. 490 0 $aPaedagogica : testi e studi storici 500 $aAtti del convegno di studio tenuto a Milano nel 1986. 650 4$aEducazione - Concezione cristiana - 1945-1958.$0(OLS)http://semarc/subject/14538 650 4$aChiesa e scuola - Italia.$0(OLS)http://semarc/subject/14539 830 0$aPaedagogica : testi e studi storici.$0(OLS)http://semarc/title/616 850 $aSeMil 852 $aSeMil$W1$xVenegono$y1$m3V II 445$j263246$B38353$CSeMilBibl$Z2$F38356 $81 961 $aOmaggio: Donazione 996 $6020$a88-350-8014-2$9(OLS)http://semarc/number/51455 996 $6245$aChiesa e progetto educativo nell'Italia del secondo dopoguerra, 1945-1958$9(OLS)http://semarc/title/116337 996 $6260$aBrescia :$bLa Scuola$9(OLS)http://semarc/publisher/29831 LEADER 00968nam a2200229 i 4500 001 000000000582 003 CaOOAMICUS 005 20190410144249.0 008 180830s1964 it u000 u ita u 040 $aSeMil$bita 240 10$aCatéchisme pour adultes à Saint-Séverin : morale et réalités sociales.$0(OLS)http://semarc/title/808 245 10$aCatechismo per adulti /$csotto la direzione di Y. Moubarac. 260 $aTorino :$bBorla,$c1964-1966. 300 $a4 v. ;$c21 cm. 700 1 $aMubarak, Yuwakim <1924-1995>.$0(OLS)http://semarc/name/422 774 0 $tMorale e realtà sociali.$g4$w()48373 774 0 $aSavon, Hervé$tSpiritualità.$g3$w()48375 774 0 $aMubarak, Yuwakim <1924-1995>$tDogma, Bibbia e liturgia.$g2$w()48376 774 0 $aMubarak, Yuwakim <1924-1995>$tCredo.$g1$w()48377 996 $6245$aCatechismo per adulti$9(OLS)http://semarc/title/807 996 $6260$aTorino :$bBorla$9(OLS)http://semarc/publisher/29913